| 000 -LEADER |
| fixed length control field |
00705nam a2200205Ia 4500 |
| 001 - CONTROL NUMBER |
| control field |
4659 |
| 003 - CONTROL NUMBER IDENTIFIER |
| control field |
GE_BSU |
| 008 - FIXED-LENGTH DATA ELEMENTS--GENERAL INFORMATION |
| fixed length control field |
181216s||||||||xx |||||||||||||| ||und|| |
| 040 ## - CATALOGING SOURCE |
| Transcribing agency |
GE_BSU |
| 080 ## - UNIVERSAL DECIMAL CLASSIFICATION NUMBER |
| Universal Decimal Classification number |
662.73+662.74(07) |
| 100 ## - MAIN ENTRY--PERSONAL NAME |
| Personal name |
Печуро,Н.С. Капкин,В.Д. Песин,О.Ю. |
| 245 ## - TITLE STATEMENT |
| Title |
Химия и технология синтетического жидкого топлива и газа. |
| 245 ## - TITLE STATEMENT |
| Statement of responsibility, etc. |
Ред. Н.И.Урывалова. |
| 260 ## - PUBLICATION, DISTRIBUTION, ETC. |
| Place of publication, distribution, etc. |
М. |
| 260 ## - PUBLICATION, DISTRIBUTION, ETC. |
| Name of publisher, distributor, etc. |
Химия. |
| 260 ## - PUBLICATION, DISTRIBUTION, ETC. |
| Date of publication, distribution, etc. |
1986. |
| 300 ## - PHYSICAL DESCRIPTION |
| Extent |
352 cтр. с илл. 22cм. |
| 653 ## - INDEX TERM--UNCONTROLLED |
| Uncontrolled term |
Химия и технология синтетического жидкого топлива и газа. |
| 942 ## - ADDED ENTRY ELEMENTS (KOHA) |
| Koha item type |
წიგნი |